| 000 | 01428cam a22003977a 4500 | ||
|---|---|---|---|
| 003 | CHAP | ||
| 005 | 20250515062726.0 | ||
| 008 | 971013s1990 r 00010 d | ||
| 010 | _a1899 | ||
| 011 | _a2871 | ||
| 035 | _a2071 | ||
| 040 | _cCHAP | ||
| 090 | _aTesis | ||
| 100 | 0 | 0 |
_aFlores Rodríguez, Mercedes. _941719 |
| 245 | 0 | _aRentabilidad de la producción de maíz con el sistema de labranza de conservación y tradiconal, en la región de Atlacomulco, Estado de México | |
| 260 |
_aChapingo, Méx. : _bEl Autor, _c1990 |
||
| 300 |
_a124 h. _b: ilus. ; apénd |
||
| 500 | _aD43-180 | ||
| 502 | _aTesis (Ing. Agr. Esp. Economía Agrícola) -- UACH. Departamento de Economía Agrícola | ||
| 590 |
_aALEPH _b10 _c20130110 _lUCH01 _h1210 |
||
| 590 |
_aBATCH-UPD _b10 _c20130110 _lUCH01 _h1039 |
||
| 590 |
_aBATCH-UPD _b10 _c20130410 _lUCH01 _h0639 |
||
| 590 |
_aBATCH-UPD _b10 _c20130914 _lUCH01 _h0013 |
||
| 590 |
_aBATCH-UPD _b10 _c20130914 _lUCH01 _h1711 |
||
| 590 |
_aCONVERSION _b10 _c20130109 _lUCH01 _h1302 |
||
| 650 | 1 | 4 |
_aAgricultura de subsistencia. _91998 |
| 650 | 1 | 4 |
_aAgricultura tradicional. _92029 |
| 650 | 1 | 4 |
_aLabranza. _964303 |
| 650 | 1 | 7 |
_aMaíz _xCostos de producción _2 _970915 |
| 650 | 1 | 4 |
_aMaíz _zMéxico (Edo.). _971099 |
| 650 | 1 | 4 |
_aSistemas de cultivo. _9106746 |
| 700 | 0 |
_aFlores Hernández, Héctor. _941585 |
|
| 901 | _aBK | ||
| 942 | _cTESIS | ||
| 949 |
_bBC _cTES _d-11569 _eTS1 _h23573 _i2071 _si |
||
| 999 |
_c1899 _d1899 |
||